000 00740nam a22002411i 4500
999 _c7355
_d7355
003 OSt
005 20210715153754.0
008 201112s2008 fr o 000 0 fre d
020 _a9782915536720
040 _bcat
_cCDMR
080 _a77 Reza
080 _a77.03:070.13
100 0 _aReza (
_d1952-)
_eautor
245 1 0 _a100 photos de Reza pour la liberté de la presse
246 3 0 _aCent photos de Reza pour la liberté de la presse
260 _aParis :
_bReporters sans frontières,
_c2008
300 _a144 p. :
_bfotos ;
_c29 cm
490 0 _aPour la liberté de presse
650 0 _aFotografia documental
_93095
650 0 _aLlibertat d'informació
_91574
710 2 _aReporters Sans Frontières
_91923
942 _2udc
_cMON